000 00726nam a2200205Ia 4500
999 _c36596
_d36596
001 2515
003 GE_BSU
005 20250703121035.0
008 181216s2007||||ge |||||||||||||| ||geo||
040 _cGE_BSU
041 _ageo
080 _a336.711(479.22) ფ-59
245 _aფინანსური სტაბილურობის ანგარიში:
_bსაქართველოს ეროვნული ბანკი
264 _aთბილისი,
_c2007.
300 _a31 გვ.
_b30 სმ.
541 _h3 ლ.
653 _aფინანსური სტაბილურობის ანგარიში.
653 _aფინანსები
942 _cBK
_2udc